[Event "AUT-chT2M 1617"]
[Site "Austria"]
[Date "2016.11.13"]
[Round "5.4"]
[White "Sternat, Roland"]
[Black "Dietmayer Kraeutler, Marco"]
[Result "0-1"]
[WhiteElo "2108"]
[BlackElo "2281"]
[PlyCount "96"]
[EventDate "2016.10.07"]
[EventType "team-tourn"]
[EventRounds "11"]
[EventCountry "AUT"]
[SourceTitle "CBM 175 Extra"]
[Source "ChessBase"]
[SourceDate "2016.12.12"]
[SourceVersion "1"]
[SourceVersionDate "2016.12.12"]
[SourceQuality "1"]
[WhiteTeam "Wolfsberg"]
[BlackTeam "Leoben"]
[WhiteTeamCountry "AUT"]
[BlackTeamCountry "AUT"]

1. d4 d5 2. Nf3 Nf6 3. c4 e6 4. Nc3 c6 5. cxd5 exd5 6. Qb3 Qb6 7. Qxb6 axb6 8. e3 Bf5 9. Nh4 Be6 10. Bd2 b5 11. Bd3 Nbd7 12. 0-0 Nb6 13. Rfc1 Nc4 14. Bxc4 bxc4 15. Nf3 Bd6 16. h3 Ke7 17. a3 b6 18. Ne5 Bxe5 19. dxe5 Nd7 20. f4 Nc5 21. Rf1 Bf5 22. g4 Bd3 23. Rf2 h5 24. Re1 hxg4 25. hxg4 Rh4 26. Rg2 Rah8 27. Kf2 Nb3 28. Bc1 Rh1 29. Rgg1 R8h2+ 30. Kg3 Rxg1+ 31. Rxg1 Rc2 32. Na2 Be4 33. f5 g5 34. Re1 c5 35. Rd1 b5 36. Nc3 Rxc1 37. Nxd5+ Kf8 38. Rxc1 Nxc1 39. Nf6 Bc6 40. Nh7+ Ke8 41. Nxg5 b4 42. e6 f6 43. Nf7 c3 44. g5 Ke7 45. g6 Kf8 46. Nd6 cxb2 47. e7+ Kxe7 48. g7 Bd5 0-1

[Event "AUT-chT 1415"]
[Site "Austria"]
[Date "2015.02.26"]
[Round "5.3"]
[White "Naumann, Alexander"]
[Black "Sternat, Roland"]
[Result "1-0"]
[WhiteElo "2549"]
[BlackElo "2111"]
[PlyCount "47"]
[EventDate "2014.11.20"]
[EventType "team-tourn"]
[EventRounds "11"]
[EventCountry "AUT"]
[SourceTitle "EXT 2016"]
[Source "ChessBase"]
[SourceDate "2015.10.08"]
[SourceVersion "1"]
[SourceVersionDate "2015.10.08"]
[SourceQuality "1"]
[WhiteTeam "Maria Saal"]
[BlackTeam "Wolfsberg"]
[WhiteTeamCountry "AUT"]
[BlackTeamCountry "AUT"]

1. d4 d5 2. c4 e6 3. Nf3 f5 4. Bf4 Nf6 5. Nc3 c6 6. e3 Bb4 7. a3 Bxc3+ 8. bxc3 Ne4 9. Rc1 0-0 10. h4 Nd7 11. Ne5 Qa5 12. Qb3 Nxe5 13. Bxe5 b6 14. f3 Nf6 15. Bd6 Re8 16. Bb4 Qa6 17. cxd5 Qb7 18. dxc6 Qxc6 19. a4 Qc7 20. Kf2 Kh8 21. Qa3 Rd8 22. Be7 Rd7 23. Bxf6 gxf6 24. Qf8# 1-0

[Event "AUT-chT2M 0607"]
[Site "Austria"]
[Date "2007.03.31"]
[Round "10.5"]
[White "Aschenbrenner, Robert"]
[Black "Sternat, Roland"]
[Result "1/2-1/2"]
[WhiteElo "2280"]
[BlackElo "2138"]
[PlyCount "91"]
[EventDate "2006.10.28"]
[EventType "team-tourn"]
[EventRounds "11"]
[EventCountry "AUT"]
[SourceTitle "EXT 2007"]
[Source "ChessBase"]
[SourceDate "2006.11.23"]
[SourceVersion "1"]
[SourceVersionDate "2006.11.23"]
[SourceQuality "1"]
[WhiteTeam "Graz Austria"]
[BlackTeam "Wolfsberg"]
[WhiteTeamCountry "AUT"]
[BlackTeamCountry "AUT"]

1. d4 d5 2. Nf3 e6 3. c4 c6 4. e3 f5 5. Bd3 Nf6 6. Qc2 Ne4 7. 0-0 Bd6 8. Ne5 0-0 9. f3 Ng5 10. Nc3 Nd7 11. cxd5 exd5 12. f4 Ne4 13. Bxe4 fxe4 14. Ne2 Nf6 15. h3 Be6 16. Bd2 Qc8 17. Kh2 Nd7 18. b4 Nb6 19. a4 Qe8 20. a5 Bxe5 21. axb6 Bb8 22. b5 cxb5 23. bxa7 Rxa7 24. Bb4 Rxa1 25. Rxa1 Rf7 26. Ra8 Rd7 27. Ba5 Bxf4+ 28. Nxf4 Qxa8 29. Nxe6 Re7 30. Nf4 Qxa5 31. Qc8+ Kf7 32. Qf5+ Ke8 33. Nxd5 g6 34. Qc8+ Kf7 35. Nxe7 Kxe7 36. Qxb7+ Kd6 37. d5 Qc3 38. Qxb5 Qe5+ 39. Kg1 Qxd5 40. Qb8+ Ke7 41. Kh2 h5 42. Qc7+ Kf6 43. Qb6+ Kf5 44. g4+ Kg5 45. gxh5 Qd2+ 46. Kg3 1/2-1/2

[Event "AUT-chT2M 0506"]
[Site "Austria"]
[Date "2006.02.03"]
[Round "5.4"]
[White "Sternat, Roland"]
[Black "Sereinig, Eduard"]
[Result "0-1"]
[WhiteElo "2111"]
[BlackElo "2141"]
[PlyCount "72"]
[EventDate "2005.10.08"]
[EventType "team"]
[EventRounds "11"]
[EventCountry "AUT"]
[SourceTitle "EXT 2006"]
[Source "ChessBase"]
[SourceDate "2005.11.24"]
[SourceVersion "1"]
[SourceVersionDate "2005.11.24"]
[SourceQuality "1"]
[WhiteTeam "Wolfsberg"]
[BlackTeam "Feffernitz"]
[WhiteTeamCountry "AUT"]
[BlackTeamCountry "AUT"]

1. d4 Nf6 2. Nf3 g6 3. c4 Bg7 4. Nc3 0-0 5. e4 d6 6. Be2 e5 7. 0-0 Nc6 8. Bg5 h6 9. Be3 Ng4 10. d5 Nxe3 11. fxe3 Ne7 12. Qc2 f5 13. Bd3 c6 14. Rfe1 cxd5 15. cxd5 a6 16. Rac1 Bd7 17. Nd2 b5 18. a3 f4 19. Kh1 g5 20. Qd1 g4 21. exf4 exf4 22. Be2 h5 23. h3 Ng6 24. Rg1 Bd4 25. Nb3 Bxg1 26. Qxg1 Qh4 27. Nd4 Ne5 28. Qe1 Qxe1+ 29. Rxe1 f3 30. gxf3 Nxf3 31. Bxf3 gxf3 32. Rf1 Bxh3 33. Rxf3 Rxf3 34. Nxf3 Rf8 35. Ng5 Rf1+ 36. Kh2 Bg4 0-1

[Event "AUT-chT2M 0405"]
[Site "Austria"]
[Date "2004.11.28"]
[Round "4.6"]
[White "Stadler, Peter"]
[Black "Sternat, Roland"]
[Result "1/2-1/2"]
[WhiteElo "2183"]
[BlackElo "2101"]
[PlyCount "34"]
[EventDate "2004.10.16"]
[EventType "team-tourn"]
[EventRounds "11"]
[EventCountry "AUT"]
[SourceTitle "EXT 2005"]
[Source "ChessBase"]
[SourceDate "2004.11.15"]
[SourceVersion "1"]
[SourceVersionDate "2004.11.15"]
[SourceQuality "1"]
[WhiteTeam "St Valentin"]
[BlackTeam "Wolfsberg"]
[WhiteTeamCountry "AUT"]
[BlackTeamCountry "AUT"]

1. Nf3 Nf6 2. g3 g6 3. Bg2 d6 4. d4 Bg7 5. 0-0 0-0 6. c4 Nc6 7. h3 Nd7 8. e4 e5 9. Be3 Nb6 10. d5 Ne7 11. Qe2 Nd7 12. Nc3 b6 13. b4 h6 14. Qd2 Kh7 15. c5 f5 16. cxd6 cxd6 17. Rfe1 Nf6 1/2-1/2